000 00739cam a2200253u 4500
001 15082
003 BD-RjUL
005 20211208235739.0
008 140209s1961 enka 000 0 eng d
035 _a(BD-RjUL)15136
040 _aDLC
_cCarP
_dDLC
_dWaU
_d(BD-RjUL)
_beng
041 _aeng
082 0 0 _219
_a 639.34
_bLEV 1961
100 1 _aLeutscher, Alfred.
_939733
245 1 0 _aVivarium life :
_ba manual on amphibians, reptiles & coldwater fish /
_cby Alfred Leutscher,
250 _a2nd ed.
260 _aLondon :
_bCleaver-Hume Press,
_c1961
300 _a252p. :
_billus. ;
_c23 cm.
650 0 _aAquarium animals.
_946950
650 0 _aVivariums.
_946951
942 _2ddc
_cBK
999 _c15082
_d15082